Premières dames de France - Statistiques

Statistiques générales
  • Ce quiz a été pris 55 fois
  • Le résultat moyen est 5 sur 8
Statistiques - réponses
Président Première dame % Correct
Emmanuel Macron Brigitte Macron
98%
Nicolas Sarkozy Cécilia Sarkozy // Carla Bruni-Sarkozy
91%
Jacques Chirac Bernadette Chirac
89%
François Hollande Valérie Trierweiler
66%
Charles de Gaulle Yvonne de Gaulle
62%
Georges Pompidou Claude Pompidou
45%
François Mitterrand Danielle Mitterrand
43%
Valéry Giscard d'Estaing Anne-Aymone Giscard d'Estaing
36%
Aucun quiz correspondant
Distribution des résultats
% des personnes avec chaque résultat
Percentile par nombre de réponses
Votre historique - résultats
Vous n’avez pas pris ce quiz